000 00659nam a22001935i 4500
001 163403
003 ES-MaACL
005 20230906212731.0
008 940615s1872 sp |||| | spa d
040 _aCAM
_bspa
100 1 _aRey y Heredia, José María.
_9131747
245 1 0 _aElementos de lógica /
_cpor José María Rey y Heredia.
250 _a10\pa\s ed. cuidadosamente rev.
260 _aMadrid :
_b[s.n.],
_c1872 (
_fImp. y Estereotipia de M. Rivadeneyra)
300 _a346 p. ;
_c17 cm.
650 4 _aLógica.
_914693
700 1 1 _aRivadeneyra, Manuel,
_eimp.
_9131854
852 _aES-MaACL
_jG-8377
_z-- Enc. hol.
_z-- Este ejemp. tiene 337 p.
999 _c163403
_d163403